000 00811mam a2200253 a 4500
005 20131127054730.0
008 021023s2002 enk b 001 0 eng d
020 _a0198256671
020 _a0199264112
041 0 _aeng
080 _a347
100 1 _aLowenfeld, Andreas F.,
_d1930-
245 1 0 _aInternational economic law /
_cAndreas F. Lowenfeld.
260 _aOxford :
_bOxford University Press,
_c2002.
300 _a 776 f. ;
_c24 cm.
490 1 _aInternational economic law series
500 _aPreface : f. [V] - VII
504 _aIncludes bibliographical references and indexes.
650 0 _aLigji ekonomik ndërkombëtar
650 0 _aLigji komercial.
650 0 _aRregullimi i tregtisë së jashtme.
830 0 _aInternational economic law series (Oxford, England)
942 _2udc
_cBK
999 _c365
_d365